Sports Quiz

Random Sports or NFL Quiz

Long Lasting Big 4 Players Quiz Stats

 Plays Quiz Updated May 24, 2019

Score 0/20 Timer 03:00
3 Plays Today
% Correct
Kareem Abdul-Jabbar
89.8%
Dirk Nowitzki
85.5%
Nolan Ryan
79.1%
Wayne Gretzky
75.5%
Gordie Howe
75.5%
Kobe Bryant
75.3%
Pete Rose
74.3%
Brett Favre
73.6%
Jaromir Jagr
73.1%
Robert Parish
72.3%
% Correct
Rickey Henderson
71.9%
Morten Andersen
69.1%
Jerry Rice
68.7%
Kevin Garnett
67.6%
Ken Griffey Jr.
66.4%
Mark Messier
65.9%
Vinny Testaverde
63.3%
George Blanda
60.2%
Ray Bourque
60.1%
Babe Ruth
56.9%

You're not logged in!

Compare scores with friends on all Sporcle quizzes.
OR
Log In

Sporcle TV

Today on Sporcle TV


Watch our educational content, quiz creation guides, and fun videos on Sporcle TV.

Show Comments

Extras

Top Quizzes Today


Score Distribution

Your Account Isn't Verified!

In order to create a playlist on Sporcle, you need to verify the email address you used during registration. Go to your Sporcle Settings to finish the process.

Report this User

Report this user for behavior that violates our Community Guidelines.

Details: